Investigation of Electric-Discharge Conversion of Gas Hydrocarbons; 13 International symposium on high current electronics
| Parent link: | 13 International symposium on high current electronics.— 2004.— [P. 444-446] |
|---|---|
| Autor principal: | |
| Altres autors: | , |
| Sumari: | Title from the title-page. The investigation of conversion of propane, methane and his mixture is represented. The propane-to-liquid product conversion degree achieves 30-45%. The methane-propane mixture conversion degree at the volume content of propane 50% is close to the propane conversion degree. The possibility of methane-to-hydrogen conversion realization is shown. Режим доступа: из корпоративной сети ТПУ Text files |
| Idioma: | anglès |
| Publicat: |
2004
|
| Col·lecció: | Pulsed power applications |
| Matèries: | |
| Accés en línia: | http://www.lib.tpu.ru/fulltext2/c/2004/C13/025.pdf |
| Format: | MixedMaterials Electrònic Capítol de llibre |
| KOHA link: | https://koha.lib.tpu.ru/cgi-bin/koha/opac-detail.pl?biblionumber=231810 |
MARC
| LEADER | 00000nla2a2200000 4500 | ||
|---|---|---|---|
| 001 | 231810 | ||
| 005 | 20231031202925.0 | ||
| 035 | |a (RuTPU)RU\TPU\book\252836 | ||
| 035 | |a RU\TPU\book\252831 | ||
| 090 | |a 231810 | ||
| 100 | |a 20130206d2004 k y0engy50 ba | ||
| 101 | 0 | |a eng | |
| 102 | |a RU | ||
| 105 | |a y z 100zy | ||
| 135 | |a drnn ---uucaa | ||
| 200 | 1 | |a Investigation of Electric-Discharge Conversion of Gas Hydrocarbons |b Electronic resource |f V. V. Lopatin, B. G. Shubin, M. B. Shubin | |
| 203 | |a Text |c electronic | ||
| 225 | 1 | |a Pulsed power applications | |
| 230 | |a Electronic text data (1 file : 564 Kb) | ||
| 300 | |a Title from the title-page. | ||
| 330 | |a The investigation of conversion of propane, methane and his mixture is represented. The propane-to-liquid product conversion degree achieves 30-45%. The methane-propane mixture conversion degree at the volume content of propane 50% is close to the propane conversion degree. The possibility of methane-to-hydrogen conversion realization is shown. | ||
| 333 | |a Режим доступа: из корпоративной сети ТПУ | ||
| 336 | |a Text files | ||
| 337 | |a Adobe Reader | ||
| 463 | 1 | |0 (RuTPU)RU\TPU\book\75459 |t 13 International symposium on high current electronics |o Tomsk, Russia, 25-29 July 2004 |f edited by B. Kovalchuk, G. Remnev |v [P. 444-446] |d 2004 |p 1 Multimedia CD-ROM | |
| 610 | 1 | |a физика | |
| 610 | 1 | |a плазма | |
| 610 | 1 | |a электрические разряды | |
| 610 | 1 | |a газообразные углеводороды | |
| 610 | 1 | |a преобразование | |
| 610 | 1 | |a труды учёных ТПУ | |
| 610 | 1 | |a электронный ресурс | |
| 700 | 1 | |a Lopatin |b V. V. |c Doctor of physical and mathematical sciences |c Professor of Tomsk Polytechnic University (TPU) |f 1947- |g Vladimir Vasilyevich |2 stltpush |3 (RuTPU)RU\TPU\pers\30091 | |
| 701 | 1 | |a Shubin |b B. G. | |
| 701 | 1 | |a Shubin |b M. B. | |
| 801 | 1 | |a RU |b 63413507 |c 20120118 | |
| 801 | 2 | |a RU |b 63413507 |c 20161229 |g RCR | |
| 856 | 4 | |u http://www.lib.tpu.ru/fulltext2/c/2004/C13/025.pdf | |
| 942 | |c CF | ||